[Event "World Youth & Cadets Rapid Championships"]
[Site "Rhodes, Greece"]
[Date "2022.05.01"]
[Round "9.37"]
[White "Ferrer Naranjo, Liennys"]
[Black "Smietanska, Wiktoria"]
[Result "0-1"]
[TimeControl "10'/game & 5\"/move"]
[WhiteElo "1121"]
[BlackElo "1781"]

1. e4 {[%clk 00:10:08]} {[%emt 00:00:02]} c5 {[%clk 00:10:08]} {[%emt
00:00:02]} 2. Nc3 {[%clk 00:10:11]} {[%emt 00:00:02]} Nc6 {[%clk 00:10:12]}
{[%emt 00:00:01]} 3. g3 {[%clk 00:10:15]} g6 {[%clk 00:10:16]} {[%emt
00:00:02]} 4. Bg2 {[%clk 00:10:19]} Bg7 {[%clk 00:10:20]} {[%emt 00:00:02]} 5.
d3 {[%clk 00:10:23]} {[%emt 00:00:01]} e6 {[%clk 00:10:23]} {[%emt 00:00:01]} 6.
f4 {[%clk 00:10:27]} Nge7 {[%clk 00:10:26]} {[%emt 00:00:02]} 7. Nf3 {[%clk
00:10:29]} {[%emt 00:00:03]} d6 {[%clk 00:10:30]} {[%emt 00:00:02]} 8. O-O
{[%clk 00:10:17]} {[%emt 00:00:17]} O-O {[%clk 00:10:32]} {[%emt 00:00:03]} 9.
Be3 {[%clk 00:10:18]} {[%emt 00:00:03]} Rb8 {[%clk 00:10:31]} {[%emt 00:00:06]}
10. Rb1 {[%clk 00:10:21]} {[%emt 00:00:02]} b5 {[%clk 00:10:30]} {[%emt
00:00:07]} 11. Ne2 {[%clk 00:10:21]} {[%emt 00:00:05]} Qc7 {[%clk 00:10:26]}
{[%emt 00:00:09]} 12. Qd2 {[%clk 00:10:01]} {[%emt 00:00:25]} Rd8 {[%clk
00:10:14]} {[%emt 00:00:17]} 13. c3 {[%clk 00:09:39]} {[%emt 00:00:26]} Qa5
{[%clk 00:10:02]} {[%emt 00:00:18]} 14. a3 {[%clk 00:09:21]} {[%emt 00:00:23]}
b4 {[%clk 00:08:37]} {[%emt 00:01:30]} 15. axb4 {[%clk 00:09:09]} {[%emt
00:00:17]} cxb4 {[%clk 00:08:36]} {[%emt 00:00:06]} 16. Ra1 {[%clk 00:08:33]}
{[%emt 00:00:40]} Qb5 {[%clk 00:07:50]} {[%emt 00:00:51]} 17. c4 {[%clk
00:08:06]} {[%emt 00:00:32]} Qb7 {[%clk 00:07:48]} {[%emt 00:00:08]} 18. d4
{[%clk 00:07:45]} {[%emt 00:00:25]} d5 {[%clk 00:07:31]} {[%emt 00:00:22]} 19.
cxd5 {[%clk 00:07:36]} {[%emt 00:00:14]} exd5 {[%clk 00:07:34]} {[%emt
00:00:03]} 20. e5 {[%clk 00:07:36]} {[%emt 00:00:05]} Qb5 {[%clk 00:07:20]}
{[%emt 00:00:18]} 21. Rfc1 {[%clk 00:07:06]} {[%emt 00:00:35]} Qb6 {[%clk
00:06:46]} {[%emt 00:00:39]} 22. Rc5 {[%clk 00:06:37]} {[%emt 00:00:35]} Bf8
{[%clk 00:06:40]} {[%emt 00:00:11]} 23. Rcc1 {[%clk 00:05:26]} {[%emt
00:01:16]} Na5 {[%clk 00:06:18]} {[%emt 00:00:27]} 24. Qd1 {[%clk 00:04:00]}
{[%emt 00:01:30]} Nc4 {[%clk 00:05:59]} {[%emt 00:00:25]} 25. Bf2 {[%clk
00:03:50]} {[%emt 00:00:15]} Nxb2 {[%clk 00:05:49]} {[%emt 00:00:14]} 26. Qb3
{[%clk 00:02:59]} {[%emt 00:00:55]} Nc4 {[%clk 00:05:50]} {[%emt 00:00:05]} 27.
h3 {[%clk 00:02:39]} {[%emt 00:00:25]} h5 {[%clk 00:05:41]} {[%emt 00:00:14]}
28. Rab1 {[%clk 00:02:10]} {[%emt 00:00:35]} a5 {[%clk 00:05:34]} {[%emt
00:00:11]} 29. Qd1 {[%clk 00:01:53]} {[%emt 00:00:22]} Bf5 {[%clk 00:05:32]}
{[%emt 00:00:07]} 30. Rxc4 {[%clk 00:01:18]} {[%emt 00:00:41]} Bxb1 {[%clk
00:05:08]} {[%emt 00:00:28]} 31. Qxb1 {[%clk 00:01:07]} {[%emt 00:00:16]} dxc4
{[%clk 00:04:58]} {[%emt 00:00:15]} 32. d5 {[%clk 00:01:11]} {[%emt 00:00:02]}
Qb5 {[%clk 00:04:42]} {[%emt 00:00:19]} 33. d6 {[%clk 00:01:14]} {[%emt
00:00:03]} Nf5 {[%clk 00:04:42]} {[%emt 00:00:05]} 34. g4 {[%clk 00:01:14]}
{[%emt 00:00:05]} hxg4 {[%clk 00:04:40]} {[%emt 00:00:07]} 35. hxg4 {[%clk
00:01:18]} {[%emt 00:00:02]} Nxd6 {[%clk 00:04:31]} {[%emt 00:00:14]} 36. exd6
{[%clk 00:01:16]} {[%emt 00:00:07]} Rxd6 {[%clk 00:04:27]} {[%emt 00:00:09]} 37.
Ned4 {[%clk 00:01:16]} {[%emt 00:00:04]} Qd7 {[%clk 00:04:20]} {[%emt
00:00:12]} 38. Ne5 {[%clk 00:01:11]} {[%emt 00:00:10]} Qc7 {[%clk 00:03:46]}
{[%emt 00:00:38]} 39. Be4 {[%clk 00:00:50]} {[%emt 00:00:27]} Bg7 {[%clk
00:03:35]} {[%emt 00:00:16]} 40. Nec6 {[%clk 00:00:31]} {[%emt 00:00:24]} Re8
{[%clk 00:03:31]} {[%emt 00:00:08]} 41. f5 {[%clk 00:00:30]} {[%emt 00:00:07]}
Bxd4 {[%clk 00:03:26]} {[%emt 00:00:10]} 42. Nxd4 {[%clk 00:00:22]} {[%emt
00:00:13]} Qe7 {[%clk 00:02:08]} {[%emt 00:01:23]} 43. Bf3 {[%clk 00:00:12]}
{[%emt 00:00:15]} c3 {[%clk 00:01:41]} {[%emt 00:00:33]} 44. fxg6 {[%clk
00:00:16]} fxg6 {[%clk 00:01:35]} {[%emt 00:00:10]} 45. Qd1 {[%clk 00:00:15]}
{[%emt 00:00:06]} Red8 {[%clk 00:00:53]} {[%emt 00:00:47]} 46. Qc2 {[%clk
00:00:15]} {[%emt 00:00:05]} Qf6 {[%clk 00:00:34]} {[%emt 00:00:24]} 47. Qb3+
{[%clk 00:00:12]} {[%emt 00:00:09]} Qf7 {[%clk 00:00:36]} {[%emt 00:00:03]} 48.
Qd1 {[%clk 00:00:13]} {[%emt 00:00:04]} Rf8 {[%clk 00:00:19]} {[%emt 00:00:21]}
49. Kg2 {[%clk 00:00:12]} {[%emt 00:00:06]} Qf6 {[%clk 00:00:09]} {[%emt
00:00:15]} 50. Qe2 {[%clk 00:00:12]} {[%emt 00:00:06]} Rxd4 {[%clk 00:00:08]}
{[%emt 00:00:06]} 51. Bxd4 {[%clk 00:00:16]} Qxd4 {[%clk 00:00:12]} {[%emt
00:00:01]} 52. Qe6+ {[%clk 00:00:20]} {[%emt 00:00:01]} Kg7 {[%clk 00:00:14]}
{[%emt 00:00:03]} 53. Qe7+ {[%clk 00:00:22]} {[%emt 00:00:02]} Rf7 {[%clk
00:00:18]} 54. Qg5 {[%clk 00:00:20]} {[%emt 00:00:06]} Qd2+ {[%emt 00:00:07]}
55. Qxd2 {[%clk 00:00:21]} cxd2 {[%clk 00:00:24]} {[%emt 00:00:02]} 56. Bd1
{[%clk 00:00:24]} {[%emt 00:00:02]} Re7 {[%clk 00:00:28]} 57. Kf2 {[%clk
00:00:26]} {[%emt 00:00:02]} Re1 {[%clk 00:00:31]} {[%emt 00:00:01]} 0-1

[Event "World Youth & Cadets Rapid Championships"]
[Site "Rhodes, Greece"]
[Date "2022.05.01"]
[Round "9.38"]
[White "Derlich, Sarah Sima"]
[Black "Hnatyshyn, Anastasiia"]
[Result "0-1"]
[TimeControl "10'/game & 5\"/move"]
[WhiteElo "1229"]
[BlackElo "1889"]

1. e4 {[%clk 00:10:07]} {[%emt 00:00:02]} c5 {[%clk 00:10:09]} {[%emt
00:00:02]} 2. Nf3 {[%clk 00:10:09]} {[%emt 00:00:02]} Nc6 {[%clk 00:10:11]}
{[%emt 00:00:02]} 3. Bb5 {[%clk 00:10:12]} {[%emt 00:00:03]} g6 {[%clk
00:10:14]} {[%emt 00:00:03]} 4. Bxc6 {[%clk 00:10:09]} {[%emt 00:00:07]} dxc6
{[%clk 00:10:16]} {[%emt 00:00:03]} 5. c4 {[%clk 00:10:04]} {[%emt 00:00:10]}
Bg7 {[%clk 00:10:01]} {[%emt 00:00:19]} 6. O-O {[%clk 00:09:36]} {[%emt
00:00:34]} Qd3 {[%clk 00:09:12]} {[%emt 00:00:54]} 7. Na3 {[%clk 00:08:36]}
{[%emt 00:01:05]} Qxe4 {[%clk 00:07:49]} {[%emt 00:01:28]} 8. d3 {[%clk
00:08:12]} {[%emt 00:00:29]} Qf5 {[%clk 00:07:13]} {[%emt 00:00:42]} 9. Re1
{[%clk 00:07:49]} {[%emt 00:00:28]} Be6 {[%clk 00:06:29]} {[%emt 00:00:49]} 10.
h3 {[%clk 00:06:39]} {[%emt 00:01:14]} h5 {[%clk 00:05:42]} {[%emt 00:00:53]}
11. Nc2 {[%clk 00:05:26]} {[%emt 00:01:18]} O-O-O {[%clk 00:05:20]} {[%emt
00:00:26]} 12. Be3 {[%clk 00:03:49]} {[%emt 00:01:43]} Rxd3 {[%clk 00:04:31]}
{[%emt 00:00:54]} 13. Qc1 {[%clk 00:01:41]} {[%emt 00:02:12]} Bh6 {[%clk
00:04:06]} {[%emt 00:00:31]} 14. Bxh6 {[%clk 00:01:02]} {[%emt 00:00:43]} Nxh6
{[%clk 00:04:06]} {[%emt 00:00:05]} 15. Ne3 {[%clk 00:00:42]} {[%emt 00:00:25]}
Qf6 {[%clk 00:03:51]} {[%emt 00:00:20]} 16. Qc2 {[%clk 00:00:33]} {[%emt
00:00:15]} Rhd8 {[%clk 00:03:36]} {[%emt 00:00:19]} 17. b3 {[%clk 00:00:18]}
{[%emt 00:00:21]} Nf5 {[%clk 00:02:52]} {[%emt 00:00:48]} 18. Nxf5 {[%clk
00:00:13]} {[%emt 00:00:10]} Bxf5 {[%clk 00:02:53]} {[%emt 00:00:04]} 19. Qe2
{[%clk 00:00:09]} {[%emt 00:00:09]} Be6 {[%clk 00:02:17]} {[%emt 00:00:41]} 20.
Rac1 {[%clk 00:00:09]} {[%emt 00:00:06]} g5 {[%clk 00:02:09]} {[%emt 00:00:12]}
21. Ra1 {[%clk 00:00:09]} {[%emt 00:00:05]} g4 {[%clk 00:02:09]} {[%emt
00:00:05]} 22. hxg4 {[%clk 00:00:12]} {[%emt 00:00:02]} hxg4 {[%clk 00:02:09]}
{[%emt 00:00:06]} 23. Ne5 {[%clk 00:00:15]} {[%emt 00:00:02]} Rd2 {[%clk
00:02:07]} {[%emt 00:00:06]} 24. Qe3 {[%clk 00:00:16]} {[%emt 00:00:04]} Qf5
{[%clk 00:01:36]} {[%emt 00:00:36]} 25. Rac1 {[%clk 00:00:12]} {[%emt
00:00:10]} Kb8 {[%clk 00:01:25]} {[%emt 00:00:16]} 26. Ra1 {[%clk 00:00:15]}
{[%emt 00:00:02]} Bc8 {[%clk 00:00:40]} {[%emt 00:00:50]} 27. f3 {[%clk
00:00:13]} {[%emt 00:00:06]} gxf3 {[%clk 00:00:40]} {[%emt 00:00:06]} 28. Nxf3
{[%clk 00:00:16]} R2d7 {[%clk 00:00:29]} {[%emt 00:00:16]} 29. Nh4 {[%clk
00:00:13]} {[%emt 00:00:09]} Qg4 {[%clk 00:00:29]} {[%emt 00:00:05]} 30. Qe5+
{[%clk 00:00:13]} {[%emt 00:00:04]} Ka8 {[%clk 00:00:26]} {[%emt 00:00:09]} 31.
Re4 {[%clk 00:00:14]} {[%emt 00:00:04]} Qg8 {[%clk 00:00:11]} {[%emt 00:00:19]}
32. Qxc5 {[%clk 00:00:16]} {[%emt 00:00:03]} Qh7 {[%clk 00:00:11]} {[%emt
00:00:05]} 33. Rae1 {[%clk 00:00:17]} {[%emt 00:00:04]} e6 {[%clk 00:00:12]}
{[%emt 00:00:05]} 34. Nf3 {[%clk 00:00:21]} {[%emt 00:00:01]} Rg8 {[%clk
00:00:14]} {[%emt 00:00:02]} 35. Kf2 {[%emt 00:00:03]} 0-1